000 00655nam a22001577a 4500
003 macl
005 20231105121549.0
008 231105b |||||||| |||| 00| 0 eng d
040 _cmacl
082 _a330
100 _aनितिन सिंघनिया
_982012
245 _a भारतीय अर्थव्‍यवस्‍था ( सिविल सेवा एवं अन्‍य प्रतियोगी परीक्षाओं के लिए )
_bचतुर्थ संस्‍करण 2023 - 24
260 _aChennai
_bMcgraw Hill
_c2023
650 _aअर्थव्‍यवस्‍था
942 _2ddc
_cHIN
999 _c66315
_d66315